000 00705na a2200217 4500
001 18615
003 MIRAKIL
005 20181213155103.0
008 161122b tu 000 0
035 _a18615
040 _aMilas
_btur
_cTR-AnCHP
041 _atur
082 _a331.8
_bÇ24 1994
090 _a331.8 Ç24 1994
245 _aÇalışma yaşamımızda 7 ILO sözleşmesi
_cÇalışma ve Sosyal Güvenlik Bakanlığı
260 _aAnkara
_bÇalışma ve Sosyal Güvenlik Bakanlığı
_c1994
300 _a84 s.
_c25 sm.
610 _aILO (Uluslararası Çalışma Örgütü)
_xSözleşmeler
_yÇalışma yaşamı
710 _aÇalışma ve Sosyal Güvenlik Bakanlığı
942 _2ddc
_cBKS
999 _c6308
_d6308